Brain freeze! : (Record no. 6788)

MARC details
000 -LEADER
fixed length control field 00913nam a22002777a 4500
001 - CONTROL NUMBER
control field 6788
003 - CONTROL NUMBER IDENTIFIER
control field FISKH
005 - DATE AND TIME OF LATEST TRANSACTION
control field 20250528113239.0
008 - FIXED-LENGTH DATA ELEMENTS--GENERAL INFORMATION
fixed length control field 250528b cb ||||| |||| 00| 0 eng d
020 ## - INTERNATIONAL STANDARD BOOK NUMBER
International Standard Book Number 9780375862212
040 ## - CATALOGING SOURCE
Original cataloging agency FISKH
Language of cataloging eng
Transcribing agency FISKH
Modifying agency FISKH813.6 LCC PZ7.B76485 B
050 ## - LIBRARY OF CONGRESS CALL NUMBER
Classification number PZ7.B76485 B
082 ## - DEWEY DECIMAL CLASSIFICATION NUMBER
Classification number 813.6
100 ## - MAIN ENTRY--PERSONAL NAME
Personal name Bright, J. E.
245 ## - TITLE STATEMENT
Title Brain freeze! :
Remainder of title DC super friends /
260 ## - PUBLICATION, DISTRIBUTION, ETC.
Place of publication, distribution, etc. Random House :
Name of publisher, distributor, etc. New York,
Date of publication, distribution, etc. 2010.
300 ## - PHYSICAL DESCRIPTION
Extent 32 pages :
Other physical details color illustrations ;
Dimensions 23 cm
490 ## - SERIES STATEMENT
Series statement Step in to reading :
Volume/sequential designation Level 2
505 ## - FORMATTED CONTENTS NOTE
Formatted contents note G<br/>
520 ## - SUMMARY, ETC.
Summary, etc. Batman, Superman, Cyborg, the Flash, and the Green Lantern must battle Mr. Freeze when he encases Metropolis's central computer in ice and shuts down the city.
521 8# - TARGET AUDIENCE NOTE
Target audience note 410<br/>
Source Lexile<br/>
521 8# - TARGET AUDIENCE NOTE
Target audience note G<br/>
Source Raz-Plus<br/>
650 ## - SUBJECT ADDED ENTRY--TOPICAL TERM
Topical term or geographic name entry element Superheroes
Form subdivision Cartoons and Comics
942 ## - ADDED ENTRY ELEMENTS (KOHA)
Source of classification or shelving scheme Dewey Decimal Classification
Koha item type Books
Suppress in OPAC No
Holdings
Withdrawn status Lost status Source of classification or shelving scheme Damaged status Not for loan Collection Home library Current library Shelving location Date acquired Total Checkouts Full call number Barcode Date last seen Date last checked out Copy number Price effective from Koha item type
    Dewey Decimal Classification     Juvenile Fiction Footprints International School Library Network Toul Kork Campus Footprints International School Library Network Toul Kork Campus TK Primary Library Room(4th Floor), Bookcase 1&2, Shelves 1-16, Dark Blue Books 05/28/2025 1 BRI 813.6 PZ7.B76485 B FISBT00069 10/08/2025 09/03/2025 1 05/28/2025 Books